000
00418nam a2200097Ia 4500
008
221009s9999 xx 000 0 und d
082
_a
370
100
_a
Guider
_9
79384
245
0
_a
मध्यप्रदेश प्राथमिक शिक्षक पात्रता परीक्षा- 2020 21सेट्स पेपर -1 प्राथमिक स्तर कक्षा (I-V)
942
_c
BK
999
_c
65288
_d
65288